We and the world around (Record no. 1235959)

MARC details
000 -LEADER
fixed length control field 00560nam a2200205Ia 4500
005 - DATE AND TIME OF LATEST TRANSACTION
control field 20250108125200.0
008 - FIXED-LENGTH DATA ELEMENTS--GENERAL INFORMATION
fixed length control field 008 250107s9999 xx 000 0 eng d
037 ## - SOURCE OF ACQUISITION
Stock number TB
040 ## - CATALOGING SOURCE
Original cataloging agency CRL
Language of cataloging eng
Transcribing agency CRL
041 ## - LANGUAGE CODE
Language code of text/sound track or separate title eng
Source of code eng
084 ## - COLON CLASSIFICATION NUMBER
Classification number O168,1N514w Q4
084 ## - COLON CLASSIFICATION NUMBER
Assigning agency CRL
100 ## - MAIN ENTRY--PERSONAL NAME
Personal name Vaidya Manmohan Au.
9 (RLIN) 730535
245 #0 - TITLE STATEMENT
Title We and the world around
Statement of responsibility, etc. Vaidya Manmohan Au.
260 ## - PUBLICATION, DISTRIBUTION, ETC.
Place of publication, distribution, etc. New Delhi, India
Name of publisher, distributor, etc. Yatra Books
Date of publication, distribution, etc. 3571
300 ## - PHYSICAL DESCRIPTION
Extent xviii,236p.
650 ## - SUBJECT ADDED ENTRY--TOPICAL TERM
Topical term or geographic name entry element HISTORY
942 ## - ADDED ENTRY ELEMENTS (KOHA)
Koha item type Textbook
Classification part O168,1N514w Q4
Holdings
Withdrawn status Lost status Damaged status Not for loan Home library Current library Date acquired Source of acquisition Total Checkouts Full call number Barcode Date last seen Price effective from Koha item type
        Central Library Central Library 2025-01-08 Gift, 18/11/2024,   V2,4N25 R3 CL1699583 2025-01-08 2025-01-08 Textbook
Copyright @ Delhi University Library System